000 00895cam a2200277 4500
999 _c6910
_d6910
001 8026
005 20190415121636.0
008 730504s1973 nyua b 001 0 eng
010 _a 72085209
020 _a0060125896
082 0 0 _a306 L66f 1973
_219
100 2 _aLevi-Strauss, Claude.
240 1 0 _aDu miel aux cendres.
_lEnglish
245 1 0 _aFrom honey to ashes.
_cTranslated from the French by John and Doreen Weightman.
250 _a[1st U.S. ed.]
260 _aNew York,
_bHarper & Row
_c[1973]
300 _a512 p.
_billus.
_c24 cm.
490 0 _aHis Introduction to a science of mythology, 2
500 _aTranslation of Du miel aux cendres.
504 _aBibliography: p. [477]-492.
650 0 _aIndian mythology
_zSouth America.
650 0 _aIndians of South America
_xFolklore.
650 0 _aStructural anthropology.
942 _2ddc
_cMAIN